[Event "Bergen Sommer op"]
[Site "Bergen"]
[Date "2002.07.21"]
[Round "2"]
[White "Carlsen, Magnus"]
[Black "Fyllingen, Roy Harald"]
[Result "0-1"]
[WhiteElo "2214"]
[BlackElo "2378"]
[PlyCount "92"]
[EventDate "2002.07.20"]
[EventType "swiss"]
[EventRounds "9"]
[EventCountry "NOR"]

1. c4 e5 2. Nc3 Nc6 3. Nf3 Nf6 4. g3 Bb4 5. Bg2 O-O 6. O-O Re8 7. Nd5 Bf8 8. d3
Nxd5 9. cxd5 Nb4 10. Qb3 a5 11. Bg5 f6 12. Bd2 Kh8 13. Nh4 c6 14. Bxb4 axb4 15.
Be4 g6 16. dxc6 dxc6 17. Qf7 f5 18. Bg2 Qe7 19. Qxe7 Bxe7 20. Nf3 Bf6 21. e4
Be6 22. a3 Ra4 23. Rfe1 bxa3 24. bxa3 fxe4 25. dxe4 Rea8 26. Rab1 Bc8 27. Nd2
b5 28. Rbc1 Bd7 29. Rcd1 R8a7 30. Nb1 Be7 31. f4 Bc5+ 32. Kh1 Bd4 33. Rd3 Be6
34. fxe5 Bxe5 35. Rc1 Rc4 36. Rcd1 Bg4 37. Re1 Rc2 38. Rd8+ Kg7 39. Re8 Bd6 40.
e5 Be7 41. h3 Be6 42. Rd1 Rc7 43. Rb8 Bc5 44. Re8 Rd7 45. Rf1 Bc4 46. Re1 Rf7
0-1

[Event "NOR-ch"]
[Site "Roros"]
[Date "2002.07.07"]
[Round "2"]
[White "Hansen, Victor"]
[Black "Carlsen, Magnus"]
[Result "1/2-1/2"]
[WhiteElo "2142"]
[BlackElo "2214"]
[PlyCount "69"]
[EventDate "2002.07.06"]
[EventType "swiss"]
[EventRounds "9"]
[EventCountry "NOR"]

1. d4 d5 2. c4 c6 3. Nf3 Nf6 4. Nc3 a6 5. cxd5 cxd5 6. Bf4 Nc6 7. e3 Bg4 8. Bd3
e6 9. O-O Bd6 10. Bxd6 Qxd6 11. a3 O-O 12. Rc1 b5 13. b4 Rac8 14. Be2 e5 15.
dxe5 Nxe5 16. Nxe5 Qxe5 17. Bxg4 Rxc3 18. Bf3 Rxa3 19. Qd2 Ne4 20. Bxe4 dxe4
21. Rc5 Qe6 22. Rd5 h6 23. Rc1 Ra4 24. h3 Rxb4 25. Rd6 Qb3 26. Rxa6 Rc4 27.
Rxc4 Qxc4 28. Rb6 Ra8 29. Qb2 Ra2 30. Qxb5 Ra1+ 31. Kh2 Qc7+ 32. g3 Ra8 33. Rb7
Qd8 34. Qf5 Qe8 35. Qd7 1/2-1/2

[Event "Helsinki ShakkiNet-A 4th"]
[Site "Helsinki"]
[Date "2002.07.04"]
[Round "11"]
[White "Agopov, Mikael"]
[Black "Carlsen, Magnus"]
[Result "1-0"]
[WhiteElo "2412"]
[BlackElo "2163"]
[PlyCount "77"]
[EventDate "2002.06.24"]
[EventType "tourn"]
[EventRounds "11"]
[EventCountry "FIN"]
[EventCategory "4"]

1. e4 c5 2. Nf3 d6 3. d4 Nf6 4. Nc3 cxd4 5. Nxd4 Nc6 6. Be2 e5 7. Nb3 Be7 8.
O-O O-O 9. Be3 a5 10. a4 Be6 11. Qd2 Nb4 12. f4 Rc8 13. f5 Bxb3 14. cxb3 d5 15.
exd5 Nbxd5 16. Nxd5 Nxd5 17. Bf2 e4 18. Rad1 e3 19. Qxd5 exf2+ 20. Kxf2 Bc5+
21. Kg3 Qg5+ 22. Kh3 Qh6+ 23. Kg3 Ba7 24. h4 Bb8+ 25. Kh3 Rce8 26. Bc4 Qf6 27.
g3 Re5 28. Qf3 Re7 29. Rd3 Be5 30. Rfd1 h6 31. Rd8 Rxd8 32. Rxd8+ Kh7 33. Rf8
Bd6 34. Qg4 b6 35. h5 Rc7 36. Qg6+ fxg6 37. fxg6+ Qxg6 38. hxg6+ Kxg6 39. Bd3+
1-0

[Event "Helsinki ShakkiNet-A 4th"]
[Site "Helsinki"]
[Date "2002.07.03"]
[Round "10"]
[White "Carlsen, Magnus"]
[Black "Hansen, Victor"]
[Result "1-0"]
[WhiteElo "2163"]
[BlackElo "2143"]
[PlyCount "61"]
[EventDate "2002.06.24"]
[EventType "tourn"]
[EventRounds "11"]
[EventCountry "FIN"]
[EventCategory "4"]

1. e4 c6 2. d4 d5 3. exd5 cxd5 4. c4 Nf6 5. Nc3 e6 6. Nf3 Bb4 7. Bd3 dxc4 8.
Bxc4 O-O 9. O-O b6 10. Bg5 Bb7 11. Qb3 Be7 12. Ne5 Nfd7 13. Nxf7 Rxf7 14. Bxe6
Bxg5 15. Bxf7+ Kh8 16. Bd5 Nc6 17. Qa4 Rc8 18. Be6 a6 19. Ne4 Be7 20. d5 Nce5
21. d6 Bf8 22. f4 b5 23. Qd4 Nc6 24. Qe3 h6 25. Ng5 Qe8 26. Nf7+ Kh7 27. Qe4+
g6 28. f5 Nd8 29. fxg6+ Kg7 30. Qd4+ Kxg6 31. Qg4+ 1-0

[Event "Helsinki ShakkiNet-A 4th"]
[Site "Helsinki"]
[Date "2002.06.30"]
[Round "7"]
[White "Maki Uuro, Miika"]
[Black "Carlsen, Magnus"]
[Result "1-0"]
[WhiteElo "2335"]
[BlackElo "2163"]
[PlyCount "161"]
[EventDate "2002.06.24"]
[EventType "tourn"]
[EventRounds "11"]
[EventCountry "FIN"]
[EventCategory "4"]

1. d4 d5 2. c4 c6 3. Nc3 Nf6 4. e3 a6 5. Qc2 e6 6. Nf3 c5 7. dxc5 Bxc5 8. cxd5
exd5 9. Be2 O-O 10. O-O Nc6 11. Rd1 Ba7 12. Qb3 Na5 13. Qa4 Bd7 14. Qh4 Be6 15.
b3 Ne4 16. Qxd8 Rfxd8 17. Bb2 Nc6 18. Nxe4 dxe4 19. Ng5 Bf5 20. Bc4 Bg6 21. Bd5
h6 22. Bxc6 bxc6 23. Nh3 Bf5 24. Nf4 Bg4 25. Rxd8+ Rxd8 26. h3 g5 27. Ng6 fxg6
28. hxg4 Rd2 29. Bc3 Rc2 30. Be5 Bc5 31. Rd1 Kf7 32. Rd8 h5 33. a4 a5 34. Bd6
Bxd6 35. Rxd6 Rc3 36. Rd7+ Kf6 37. Rd6+ Kf7 38. Rd7+ Ke6 39. Rg7 Kf6 40. Ra7
hxg4 41. Kh2 Rxb3 42. Rxa5 Rc3 43. Kg3 Rc2 44. Ra8 Ra2 45. a5 c5 46. a6 c4 47.
a7 Kg7 48. Kxg4 Ra5 49. Rc8 Rxa7 50. Rxc4 Rf7 51. Kxg5 Rf5+ 52. Kg4 Rxf2 53. g3
Ra2 54. Rxe4 Ra3 55. Kg5 Ra5+ 56. Kf4 Ra1 57. Rb4 Rf1+ 58. Kg4 Re1 59. e4 Kf6
60. Rb6+ Kg7 61. Kf4 Rf1+ 62. Kg5 Rf3 63. g4 Re3 64. Rxg6+ Kf7 65. Rf6+ Ke7 66.
Rf4 Ke6 67. Kg6 Ke5 68. Rf8 Ra3 69. g5 Kxe4 70. Kg7 Ke5 71. g6 Rg3 72. Kh7 Rh3+
73. Kg8 Ke6 74. g7 Rg3 75. Rf1 Ke7 76. Re1+ Kd7 77. Re4 Rg1 78. Kf7 Rf1+ 79.
Kg6 Rg1+ 80. Kf6 Kd8 81. Re5 1-0

[Event "Helsinki ShakkiNet-A 4th"]
[Site "Helsinki"]
[Date "2002.06.29"]
[Round "6"]
[White "Carlsen, Magnus"]
[Black "Karttunen, Mika"]
[Result "1/2-1/2"]
[WhiteElo "2163"]
[BlackElo "2429"]
[PlyCount "97"]
[EventDate "2002.06.24"]
[EventType "tourn"]
[EventRounds "11"]
[EventCountry "FIN"]
[EventCategory "4"]

1. c4 g6 2. Nf3 Bg7 3. g3 e5 4. Nc3 Ne7 5. Bg2 O-O 6. O-O Nbc6 7. d3 h6 8. Bd2
f5 9. Rb1 g5 10. b4 Ng6 11. b5 Nce7 12. Ne1 Kh7 13. c5 f4 14. Qb3 g4 15. Nd5
Nf5 16. Be4 d6 17. cxd6 cxd6 18. Bc3 Be6 19. Ng2 h5 20. Qb2 Rc8 21. Rbc1 Rc5
22. Ndxf4 exf4 23. Bxg7 Rxc1 24. Rxc1 Nxg7 25. Bxg6+ Kxg6 26. Nxf4+ Rxf4 27.
gxf4 Qb6 28. e4 Bd7 29. f5+ Kf7 30. a4 a6 31. Qc3 Ne8 32. Qh8 Nf6 33. Qh6 Qd4
34. Re1 Be8 35. Qg6+ Kf8 36. Qh6+ Kf7 37. bxa6 bxa6 38. Rb1 Qe5 39. Qg6+ Kf8
40. Qh6+ Kf7 41. Rb7+ Bd7 42. Rb8 Be8 43. Qc1 h4 44. Rb1 g3 45. Qg5 gxf2+ 46.
Kf1 Bxa4 47. Qg6+ Kf8 48. Rb8+ Be8 49. Qh6+ 1/2-1/2

[Event "Helsinki ShakkiNet-A 4th"]
[Site "Helsinki"]
[Date "2002.06.28"]
[Round "5"]
[White "Solozhenkin, Evgeniy"]
[Black "Carlsen, Magnus"]
[Result "1-0"]
[WhiteElo "2499"]
[BlackElo "2163"]
[PlyCount "123"]
[EventDate "2002.06.24"]
[EventType "tourn"]
[EventRounds "11"]
[EventCountry "FIN"]
[EventCategory "4"]

1. d4 Nf6 2. c4 e6 3. Nf3 Bb4+ 4. Nbd2 b6 5. a3 Bxd2+ 6. Bxd2 Bb7 7. Bg5 d6 8.
e3 Nbd7 9. Qc2 c5 10. Rd1 Qc7 11. dxc5 Bxf3 12. gxf3 Qxc5 13. Rg1 Qc6 14. Be2
d5 15. Qb3 dxc4 16. Qxc4 Qxc4 17. Bxc4 Ne5 18. Bb5+ Ke7 19. Ke2 Rac8 20. f4
Rc2+ 21. Kf1 Nc6 22. Kg2 Rc8 23. b4 Nb8 24. Rd3 Rb2 25. Ba4 a6 26. Bd1 Nbd7 27.
Bf3 Rcc2 28. Bh4 Rd2 29. Rxd2 Rxd2 30. Rc1 Rd3 31. Ra1 a5 32. Bc6 Rc3 33. Bb5
Kd8 34. Kf3 Kc7 35. bxa5 bxa5 36. a4 Nd5 37. Rg1 g6 38. Rd1 Nc5 39. Bg5 Rc2 40.
Be8 f6 41. Bh4 Rc4 42. Bg3 Kb6 43. Rb1+ Rb4 44. Rc1 Nc7 45. Bf7 N7a6 46. Rd1
Rxa4 47. Rd6+ Kb7 48. f5 gxf5 49. Bxe6 Nxe6 50. Rxe6 Rc4 51. Rxf6 Rc5 52. Rh6
a4 53. Bd6 Rd5 54. Rxh7+ Kc6 55. Bf8 Nc5 56. Ra7 Ne4 57. Bb4 Rd8 58. Ra5 Rb8
59. Rxa4 Rh8 60. Ra5 Rh3+ 61. Kg2 Rh5 62. f3 1-0

[Event "Helsinki ShakkiNet-A 4th"]
[Site "Helsinki"]
[Date "2002.06.27"]
[Round "4"]
[White "Carlsen, Magnus"]
[Black "Payen, Arnaud"]
[Result "0-1"]
[WhiteElo "2163"]
[BlackElo "2356"]
[PlyCount "112"]
[EventDate "2002.06.24"]
[EventType "tourn"]
[EventRounds "11"]
[EventCountry "FIN"]
[EventCategory "4"]

1. Nf3 d5 2. c4 c6 3. d4 Nf6 4. Nc3 a6 5. a4 e6 6. Bg5 Nbd7 7. e3 Qa5 8. Bxf6
Nxf6 9. Bd3 Bb4 10. Rc1 c5 11. O-O dxc4 12. Bxc4 O-O 13. Bd3 cxd4 14. exd4 Bd7
15. Ne5 Rad8 16. Qf3 Qb6 17. Rfd1 Bxc3 18. Nxd7 Rxd7 19. bxc3 Rc8 20. Rb1 Qc6
21. Qxc6 Rxc6 22. c4 Kf8 23. Be2 Rcd6 24. g3 Ne4 25. Rd3 Rxd4 26. Rxd4 Rxd4 27.
Rxb7 Nc3 28. Bf1 Nxa4 29. Rc7 Rd1 30. c5 Rc1 31. c6 Nb6 32. Kg2 a5 33. Bb5 Rc5
34. Rb7 Rxb5 35. c7 Rc5 36. Rxb6 Rxc7 37. Ra6 Rc5 38. Ra7 g5 39. Kh3 Kg7 40.
Kg2 h5 41. Kf3 Rc3+ 42. Kg2 Ra3 43. h3 Kg6 44. g4 h4 45. Ra8 Ra1 46. Kh2 a4 47.
Kg2 a3 48. Ra7 f5 49. gxf5+ exf5 50. Ra6+ Kf7 51. Ra5 Ke6 52. f3 Kf6 53. Kh2
Ra2+ 54. Kg1 Ke6 55. Kh1 Kd6 56. Rxf5 Rb2 0-1

[Event "Helsinki ShakkiNet-A 4th"]
[Site "Helsinki"]
[Date "2002.06.26"]
[Round "3"]
[White "Norri, Joose"]
[Black "Carlsen, Magnus"]
[Result "1/2-1/2"]
[WhiteElo "2426"]
[BlackElo "2163"]
[PlyCount "187"]
[EventDate "2002.06.24"]
[EventType "tourn"]
[EventRounds "11"]
[EventCountry "FIN"]
[EventCategory "4"]

1. d4 Nf6 2. c4 e6 3. Nc3 Bb4 4. e3 b6 5. Bd3 Bb7 6. Nf3 O-O 7. O-O d6 8. Qe2
Bxc3 9. bxc3 Be4 10. Bxe4 Nxe4 11. Qd3 f5 12. Ne1 Nc6 13. f3 Nf6 14. Nc2 Qd7
15. e4 fxe4 16. fxe4 e5 17. Bg5 Nh5 18. Qe2 Nf4 19. Bxf4 exf4 20. Qh5 Qf7 21.
Qd5 Ne7 22. Qxf7+ Rxf7 23. Nb4 Re8 24. Rae1 g5 25. e5 dxe5 26. Rxe5 Rf5 27. Re6
Rff8 28. Rfe1 Kf7 29. Na6 Nf5 30. Nxc7 Rc8 31. Nd5 Rxc4 32. R1e5 Kg7 33. g4
fxg3 34. hxg3 h5 35. Rxf5 Rxf5 36. Ne3 Rf3 37. Nxc4 Rxg3+ 38. Kf2 Rxc3 39. Ne5
g4 40. d5 g3+ 41. Kg2 h4 42. Kh3 Rc2 43. Rg6+ Kh7 44. d6 Rd2 45. Kxh4 g2 46.
Kh3 Rxd6 47. Rxg2 Rd5 48. Re2 Kg7 49. Kg4 Kf6 50. Kf4 Ra5 51. Nf3 Ra4+ 52. Ke3
Ke6 53. Kd3+ Kd5 54. Rc2 Ra3+ 55. Ke2 b5 56. Nd2 a5 57. Kd1 Rh3 58. Kc1 a4 59.
Kb2 b4 60. Rc8 Rh2 61. Kc2 b3+ 62. axb3 axb3+ 63. Kxb3 Rh6 64. Nc4 Rc6 65. Rh8
Rc7 66. Rd8+ Kc5 67. Ne5 Rb7+ 68. Kc3 Rh7 69. Nd3+ Kb6 70. Kc4 Rh4+ 71. Kd5
Rh5+ 72. Ne5 Rh1 73. Nc4+ Kc7 74. Rg8 Rh5+ 75. Ne5 Kb7 76. Rg1 Kc7 77. Rb1 Rh2
78. Rc1+ Kb7 79. Nc6 Rh5+ 80. Ne5 Rh2 81. Rc3 Rh5 82. Kd6 Rh6+ 83. Kc5 Rh5 84.
Re3 Kc7 85. Kd5 Kb7 86. Rg3 Kc7 87. Rg7+ Kb6 88. Re7 Rg5 89. Kd6 Rh5 90. Ng4
Rh1 91. Nf6 Rh6 92. Re6 Kb5 93. Kd5 Rh1 94. Ne4 1/2-1/2

[Event "Helsinki ShakkiNet-A 4th"]
[Site "Helsinki"]
[Date "2002.06.25"]
[Round "2"]
[White "Carlsen, Magnus"]
[Black "Nyysti, Sampsa"]
[Result "1-0"]
[WhiteElo "2163"]
[BlackElo "2242"]
[PlyCount "83"]
[EventDate "2002.06.24"]
[EventType "tourn"]
[EventRounds "11"]
[EventCountry "FIN"]
[EventCategory "4"]

1. e4 e5 2. Nf3 Nc6 3. Nc3 Nf6 4. a3 g6 5. Nxe5 Nxe5 6. d4 Nc6 7. d5 Nb8 8. e5
Ng8 9. d6 cxd6 10. exd6 Qf6 11. Nb5 Na6 12. Bc4 Bh6 13. Qe2+ Kf8 14. Be3 Bxe3
15. fxe3 Qh4+ 16. g3 Qh5 17. Qf2 Qf5 18. Qe2 Qh5 19. Qf2 Qf5 20. Qe2 Nh6 21.
Rf1 Qh5 22. Qf2 Qf5 23. Qe2 Qe5 24. O-O-O Kg7 25. Rd5 Qe8 26. Qd2 Rf8 27. Qd4+
f6 28. g4 b6 29. g5 Nf5 30. gxf6+ Rxf6 31. Rdxf5 gxf5 32. Rg1+ Qg6 33. Rxg6+
Kxg6 34. Bd5 Rb8 35. e4 Bb7 36. exf5+ Rxf5 37. Qg4+ Kf6 38. Qh4+ Kg6 39. Bc4
Nc5 40. b4 Ne4 41. Nc7 Nxd6 42. Qg3+ 1-0

[Event "NOR-chT fin"]
[Site "Oslo"]
[Date "2002.05.12"]
[Round "5"]
[White "Hole, Oystein"]
[Black "Carlsen, Magnus"]
[Result "1-0"]
[WhiteElo "2237"]
[BlackElo "2163"]
[PlyCount "119"]
[EventDate "2002.05.08"]
[EventType "team"]
[EventRounds "5"]
[EventCountry "NOR"]

1. Nf3 c5 2. g3 Nc6 3. Bg2 g6 4. O-O Bg7 5. d3 e5 6. e4 Nge7 7. c3 O-O 8. a3 a5
9. a4 d5 10. Na3 d4 11. cxd4 cxd4 12. Nd2 Be6 13. Ndc4 Ra6 14. f4 Qd7 15. Bd2
f5 16. exf5 Bxf5 17. Nxe5 Nxe5 18. fxe5 Bxe5 19. Qb3+ Kg7 20. Nc4 Bf6 21. Nxa5
Rb8 22. Nc4 Re6 23. Bf4 Re8 24. Rae1 Nd5 25. Rxe6 Rxe6 26. Ne5 Bxe5 27. Qxd5
Qxd5 28. Bxd5 Bxf4 29. Rxf4 Rb6 30. b3 Kf6 31. Bc4 Ke5 32. Kf1 g5 33. Rf2 Bg6
34. Ke1 Kd6 35. a5 Rb4 36. Rf6+ Kc5 37. Re6 Bf7 38. Re5+ Kd6 39. Rxg5 Bxc4 40.
bxc4 Rb1+ 41. Ke2 Rb2+ 42. Kf3 Rxh2 43. Ke4 h5 44. Kxd4 h4 45. gxh4 Rxh4+ 46.
Kc3 Rh3 47. c5+ Kc7 48. Rg7+ Kc6 49. Kc4 Rh5 50. Rg6+ Kc7 51. d4 Rh4 52. a6
bxa6 53. Rxa6 Kb7 54. Re6 Kc7 55. Kd5 Kd7 56. c6+ Kc7 57. Re7+ Kd8 58. Rd7+ Ke8
59. Kd6 Rh1 60. d5 1-0

[Event "NOR-chT fin"]
[Site "Oslo"]
[Date "2002.05.11"]
[Round "4"]
[White "Carlsen, Magnus"]
[Black "Trygstad, Kristian"]
[Result "1-0"]
[WhiteElo "2163"]
[BlackElo "2313"]
[PlyCount "80"]
[EventDate "2002.05.08"]
[EventType "team"]
[EventRounds "5"]
[EventCountry "NOR"]

1. Nf3 Nf6 2. g3 g6 3. Bg2 Bg7 4. O-O O-O 5. c4 d6 6. d4 Nbd7 7. Nc3 e5 8. e4
a6 9. Re1 exd4 10. Nxd4 Re8 11. f3 Rb8 12. Nde2 Ne5 13. b3 c5 14. a4 Nc6 15.
Be3 Nb4 16. Qd2 Be6 17. Rad1 Qb6 18. Bf2 Rbd8 19. Nf4 Bc8 20. Rb1 Qc7 21. g4 g5
22. Nfd5 Nbxd5 23. Nxd5 Nxd5 24. cxd5 h6 25. a5 Bd7 26. h4 gxh4 27. Bxh4 Rb8
28. g5 hxg5 29. Qxg5 c4 30. f4 c3 31. Re3 Qc5 32. Bf2 c2 33. Rc1 f6 34. Qxg7+
Kxg7 35. Rg3+ Kf7 36. Bxc5 dxc5 37. Rxc2 b6 38. axb6 Rec8 39. e5 fxe5 40. fxe5
Rxb6 1-0

[Event "NOR-chT fin"]
[Site "Oslo"]
[Date "2002.05.09"]
[Round "2"]
[White "Hansen, Victor"]
[Black "Carlsen, Magnus"]
[Result "0-1"]
[WhiteElo "2143"]
[BlackElo "2163"]
[PlyCount "80"]
[EventDate "2002.05.08"]
[EventType "team"]
[EventRounds "5"]
[EventCountry "NOR"]

1. e4 c5 2. Nf3 d6 3. d4 cxd4 4. Qxd4 Bd7 5. c4 Nc6 6. Qd2 Nf6 7. Nc3 g6 8. b3
Bg7 9. Bb2 O-O 10. Be2 Bg4 11. O-O Qa5 12. Rad1 Nd7 13. h3 Bxf3 14. Bxf3 Nc5
15. Qc1 Rfe8 16. Qa1 Nd4 17. Nd5 Nxf3+ 18. gxf3 Bxb2 19. Qxb2 Nd7 20. b4 Qd8
21. Ne3 Qc8 22. Kh2 Ne5 23. Qe2 Qe6 24. f4 Nd7 25. Nd5 Rac8 26. Rg1 Nf6 27. f3
Nxd5 28. Rxd5 Qf6 29. f5 Qc3 30. c5 dxc5 31. Rd7 cxb4 32. fxg6 Qe5+ 33. Rg3
hxg6 34. Rxb7 Rc1 35. Rb5 Qc7 36. Rd5 Rc8 37. Rd1 Rxd1 38. Qxd1 Qc2+ 39. Qxc2
Rxc2+ 40. Rg2 Rxg2+ 0-1

[Event "NOR-chT fin"]
[Site "Oslo"]
[Date "2002.05.08"]
[Round "1"]
[White "Glenne, Bjorn Erik"]
[Black "Carlsen, Magnus"]
[Result "0-1"]
[WhiteElo "2235"]
[BlackElo "2163"]
[PlyCount "78"]
[EventDate "2002.05.08"]
[EventType "team"]
[EventRounds "5"]
[EventCountry "NOR"]

1. d4 Nf6 2. c4 e6 3. g3 d5 4. Bg2 dxc4 5. Qa4+ Bd7 6. Qxc4 Bc6 7. Bxc6+ Nxc6
8. Nf3 Qd5 9. Qxd5 exd5 10. O-O Ne4 11. Bf4 O-O-O 12. Rd1 Be7 13. Ne5 Nxe5 14.
Bxe5 f6 15. Bf4 g5 16. Be3 Nd6 17. Nc3 Nc4 18. Bc1 Bb4 19. Rd3 Bxc3 20. Rxc3
Rde8 21. b3 Nd6 22. Kf1 h5 23. a4 Nf5 24. Bb2 g4 25. Rac1 c6 26. f3 h4 27. e4
hxg3 28. hxg3 Nxd4 29. fxg4 Rxe4 30. Rd3 Rh1+ 31. Kg2 Rxc1 32. Bxc1 Rxg4 33.
Be3 c5 34. Bxd4 Rxd4 35. Rxd4 cxd4 36. Kf2 Kd7 37. Ke2 Kd6 38. b4 Ke5 39. Kd3
f5 0-1

[Event "Gausdal Classics GM"]
[Site "Gausdal"]
[Date "2002.04.18"]
[Round "9"]
[White "Halkias, Stelios"]
[Black "Carlsen, Magnus"]
[Result "1/2-1/2"]
[WhiteElo "2546"]
[BlackElo "2127"]
[PlyCount "45"]
[EventDate "2002.04.11"]
[EventType "tourn"]
[EventRounds "9"]
[EventCountry "NOR"]
[EventCategory "6"]

1. d4 e6 2. c4 f5 3. Nc3 Nf6 4. h3 Bb4 5. g4 Ne4 6. Qd3 b6 7. Nf3 Bb7 8. gxf5
exf5 9. Rg1 Qe7 10. Bf4 d6 11. Ng5 Bxc3+ 12. bxc3 h6 13. Nf3 g5 14. Be3 f4 15.
Bc1 Nd7 16. h4 O-O-O 17. Bh3 Kb8 18. Ba3 gxh4 19. d5 Ng5 20. Bxd7 Qxd7 21. Nxh4
Qa4 22. Bc1 Ba6 23. Rg4 1/2-1/2

[Event "Gausdal Classics GM"]
[Site "Gausdal"]
[Date "2002.04.17"]
[Round "8"]
[White "Carlsen, Magnus"]
[Black "Bluvshtein, Mark"]
[Result "0-1"]
[WhiteElo "2127"]
[BlackElo "2354"]
[PlyCount "154"]
[EventDate "2002.04.11"]
[EventType "tourn"]
[EventRounds "9"]
[EventCountry "NOR"]
[EventCategory "6"]

1. e4 c5 2. Nf3 d6 3. d4 cxd4 4. Nxd4 Nf6 5. Nc3 Nc6 6. Bg5 e5 7. Bxf6 gxf6 8.
Nf5 Bxf5 9. exf5 Be7 10. Nd5 O-O 11. c3 Kh8 12. Bd3 Nb8 13. O-O Nd7 14. Be4 Nb6
15. Nxb6 Qxb6 16. Qb3 Qc7 17. Bd5 Bd8 18. Rad1 Qd7 19. Rd3 Qxf5 20. Rf3 Qg6 21.
Qxb7 Bb6 22. Be4 Qg4 23. Bxh7 Kxh7 24. Rh3+ Qxh3 25. gxh3 f5 26. Kh1 Rae8 27.
Rg1 Bxf2 28. Rg2 Be3 29. Qf3 Bh6 30. Qxf5+ Kh8 31. Qf6+ Kh7 32. Qxd6 e4 33. Rg4
Re6 34. Qc5 e3 35. Qf5+ Kh8 36. Re4 Rg6 37. Rg4 Re6 38. Re4 Rg6 39. Rh4 Kg7 40.
Qe5+ Kg8 41. Rg4 Kh7 42. Qe4 Rfg8 43. Qf5 Rf8 44. Kg2 Kg7 45. Kf3 Kh8 46. Qe5+
Kh7 47. Qe4 Kh8 48. Ke2 Re6 49. Qd4+ Kh7 50. Qxa7 Rf6 51. Qd4 Rf2+ 52. Ke1 Re8
53. Qd3+ Kh8 54. Qd6 Kh7 55. Rh4 Re6 56. Qd3+ Kh8 57. Qd4+ Kh7 58. Qd3+ Kh8 59.
Rxh6+ Rxh6 60. Qxe3 Rff6 61. Qd4 Kg8 62. a4 Re6+ 63. Kf2 Ref6+ 64. Kg3 Rhg6+
65. Kh4 Rd6 66. Qe4 Rde6 67. Qa8+ Kg7 68. Qd5 Re2 69. Qd4+ Kh7 70. Qf4 Kg8 71.
Qb8+ Kg7 72. Qf4 Reg2 73. Qd4+ Kh7 74. Qe4 Rxb2 75. a5 Rb8 76. a6 Rh8 77. Qe5
Kg8+ 0-1

[Event "Gausdal Classics GM"]
[Site "Gausdal"]
[Date "2002.04.16"]
[Round "7"]
[White "Ostenstad, Berge"]
[Black "Carlsen, Magnus"]
[Result "1-0"]
[WhiteElo "2438"]
[BlackElo "2127"]
[PlyCount "91"]
[EventDate "2002.04.11"]
[EventType "tourn"]
[EventRounds "9"]
[EventCountry "NOR"]
[EventCategory "6"]

1. d4 Nf6 2. c4 e6 3. Nf3 d5 4. Bg5 Be7 5. Nc3 h6 6. Bxf6 Bxf6 7. e3 O-O 8. Qb3
c6 9. Rd1 Nd7 10. Be2 Nb6 11. O-O Qe7 12. e4 dxc4 13. Bxc4 e5 14. dxe5 Bxe5 15.
Nxe5 Qxe5 16. Bxf7+ Kh8 17. f4 Qe7 18. Bg6 Be6 19. Qa3 Qxa3 20. bxa3 Nc4 21. f5
Bf7 22. Bxf7 Rxf7 23. Rd4 Ne5 24. Rfd1 Re8 25. h3 Rfe7 26. Kf2 Kg8 27. g4 Kf7
28. Kg3 Kf6 29. Rd6+ Kf7 30. a4 a6 31. h4 b5 32. g5 b4 33. Ne2 hxg5 34. hxg5
Nc4 35. Rd7 Nb2 36. R1d6 Nxa4 37. e5 Rxd7 38. Rxd7+ Re7 39. e6+ Ke8 40. Rd6 Rc7
41. f6 Nc5 42. Kf4 Nb7 43. Rxc6 Nd8 44. Rxa6 gxf6 45. gxf6 Rc2 46. Nd4 1-0

[Event "Gausdal Classics GM"]
[Site "Gausdal"]
[Date "2002.04.15"]
[Round "6"]
[White "Carlsen, Magnus"]
[Black "Royset, Paal Nikolaj"]
[Result "1-0"]
[WhiteElo "2127"]
[BlackElo "2280"]
[PlyCount "67"]
[EventDate "2002.04.11"]
[EventType "tourn"]
[EventRounds "9"]
[EventCountry "NOR"]
[EventCategory "6"]

1. e4 c5 2. Nc3 e6 3. Nf3 d5 4. exd5 exd5 5. Bb5+ Nc6 6. O-O Bd6 7. Nxd5 Bxh2+
8. Kxh2 Qxd5 9. d4 Nf6 10. Kg1 O-O 11. c4 Qh5 12. d5 Ne5 13. Nxe5 Qxe5 14. Re1
Qd6 15. Qf3 a6 16. Bf4 Qd8 17. Ba4 Ng4 18. Qg3 b5 19. cxb5 axb5 20. Bxb5 Qxd5
21. Bd6 Rd8 22. Be7 Rd7 23. Bxd7 Bxd7 24. Rad1 Qf5 25. Qf3 Re8 26. Bxc5 Rxe1+
27. Rxe1 Qxc5 28. Qa8+ Qf8 29. Qxf8+ Kxf8 30. b4 f6 31. f4 Bb5 32. Rc1 Kf7 33.
Rc5 Bd3 34. b5 1-0

[Event "Gausdal Classics GM"]
[Site "Gausdal"]
[Date "2002.04.15"]
[Round "5"]
[White "Carlsen, Magnus"]
[Black "Kulaots, Kaido"]
[Result "0-1"]
[WhiteElo "2127"]
[BlackElo "2531"]
[PlyCount "34"]
[EventDate "2002.04.11"]
[EventType "tourn"]
[EventRounds "9"]
[EventCountry "NOR"]
[EventCategory "6"]

1. Nf3 Nf6 2. d4 e6 3. c4 d5 4. Nc3 dxc4 5. e4 Bb4 6. Bg5 c5 7. Bxc4 cxd4 8.
Nxd4 Qa5 9. Bb5+ Bd7 10. Bd2 Bxb5 11. Ndxb5 Nxe4 12. Qg4 Nxd2 13. Qxg7 Rf8 14.
O-O-O a6 15. Qe5 axb5 16. Nd5 Nd7 17. Qg5 Rc8+ 0-1

[Event "Gausdal Classics GM"]
[Site "Gausdal"]
[Date "2002.04.12"]
[Round "2"]
[White "Kotronias, Vasilios"]
[Black "Carlsen, Magnus"]
[Result "1-0"]
[WhiteElo "2568"]
[BlackElo "2127"]
[PlyCount "71"]
[EventDate "2002.04.11"]
[EventType "tourn"]
[EventRounds "9"]
[EventCountry "NOR"]
[EventCategory "6"]

1. e4 c5 2. Nf3 d6 3. d4 cxd4 4. Nxd4 Nf6 5. Nc3 Nc6 6. Bg5 e6 7. Qd2 a6 8.
O-O-O h6 9. Nxc6 bxc6 10. Bf4 d5 11. Qe3 Be7 12. Be2 Qa5 13. exd5 Nxd5 14. Nxd5
cxd5 15. Be5 O-O 16. Kb1 Bd7 17. Qg3 f6 18. Bf4 Kh7 19. c4 Bc6 20. Bd3+ f5 21.
Rhe1 Bf6 22. c5 Qb4 23. Bc1 Ba4 24. Rd2 Rac8 25. Rxe6 Bg5 26. f4 Qxf4 27. Qxf4
Bxf4 28. Rf2 Bxc1 29. Rxf5 Rxf5 30. Bxf5+ Kg8 31. Rxa6 Rxc5 32. Rxa4 Bg5 33. b4
Rc1+ 34. Kb2 Re1 35. Bg6 Re2+ 36. Kc3 1-0

[Event "Gausdal Classics GM"]
[Site "Gausdal"]
[Date "2002.04.11"]
[Round "1"]
[White "Carlsen, Magnus"]
[Black "Tjomsland, Stig"]
[Result "1-0"]
[WhiteElo "2127"]
[BlackElo "2274"]
[PlyCount "99"]
[EventDate "2002.04.11"]
[EventType "tourn"]
[EventRounds "9"]
[EventCountry "NOR"]
[EventCategory "6"]

1. d4 Nf6 2. c4 g6 3. Nf3 Bg7 4. Nc3 O-O 5. e4 d6 6. Be2 Na6 7. O-O e5 8. Re1
Qe8 9. Bf1 c6 10. d5 Qe7 11. Rb1 Bd7 12. b4 cxd5 13. Nxd5 Nxd5 14. exd5 Nc7 15.
Be3 Rfc8 16. c5 Ne8 17. Qb3 h6 18. Rbc1 Kh7 19. Nd2 f5 20. Nc4 Qf6 21. Na5 f4
22. Bd2 b6 23. c6 Bf5 24. Nc4 Qf7 25. Qf3 g5 26. g4 e4 27. Rxe4 Bxe4 28. Qxe4+
Kg8 29. Bd3 b5 30. Na3 a6 31. Qf3 Nc7 32. Be4 Re8 33. Qd3 Re5 34. Bc3 Re7 35.
Nb1 f3 36. Re1 Bxc3 37. Nxc3 Qf4 38. h3 Rf8 39. Re3 h5 40. Rxf3 Qc1+ 41. Kg2
hxg4 42. Bh7+ Rxh7 43. Rxf8+ Kxf8 44. Qxh7 Qxc3 45. Qf5+ Ke7 46. Qd7+ Kf8 47.
Qxd6+ Ke8 48. Qd7+ Kf8 49. Qf5+ Ke7 50. d6+ 1-0

[Event "NOR-ch U18 int"]
[Site "Lysaker"]
[Date "2002.03.27"]
[Round "7"]
[White "Richards, Heather"]
[Black "Carlsen, Magnus"]
[Result "0-1"]
[WhiteElo "2209"]
[BlackElo "2127"]
[PlyCount "100"]
[EventDate "2002.03.23"]
[EventType "team"]
[EventRounds "7"]
[EventCountry "NOR"]

1. e4 c5 2. c3 Nc6 3. d4 d5 4. exd5 Qxd5 5. Be3 cxd4 6. cxd4 e5 7. Nc3 Bb4 8.
a3 Bxc3+ 9. bxc3 Nge7 10. c4 Qe4 11. Ne2 Nf5 12. d5 Ncd4 13. Bxd4 Nxd4 14. f3
Qh4+ 15. Kd2 Bf5 16. Nxd4 Qxd4+ 17. Ke1 Qc3+ 18. Kf2 O-O 19. Be2 e4 20. fxe4
Bxe4 21. Re1 Rfe8 22. Ra2 Qf6+ 23. Kg1 Qb6+ 24. Kh1 Qf2 25. Rg1 Re5 26. Rd2
Rae8 27. Bf3 Qc5 28. Bxe4 Rxe4 29. d6 Qxc4 30. d7 Rd8 31. Rc2 Qe6 32. h3 h6 33.
Rc7 Re3 34. Qd2 Qe4 35. Qxe3 Qxe3 36. Rc8 Qe7 37. Rd1 Kh7 38. Rc7 Qe2 39. Rdc1
Qd3 40. Rxb7 Rxd7 41. Rxd7 Qxd7 42. Rc3 f5 43. Rf3 g5 44. Rf2 f4 45. Rf3 h5 46.
h4 gxh4 47. Rxf4 Qd1+ 48. Kh2 Qd6 49. g3 hxg3+ 50. Kxg3 Qxa3+ 0-1